| 000 | 00921nam a2200313Ia 4500 | ||
|---|---|---|---|
| 005 | 20251020182455.0 | ||
| 008 | 200515s9999 xx 000 0 und d | ||
| 020 | _a84-283-1537-X | ||
| 082 | _a624.0148/N79/1 | ||
| 100 | _aNonnast, Robert | ||
| 245 | 0 | _aEl Proyectista de Estructuras Metálicas 1 | |
| 250 | _a21a ed. | ||
| 260 | _aMadrid | ||
| 260 | _bParaninfo | ||
| 260 | _c1999 | ||
| 300 | _a266 p. | ||
| 300 | _btbl., graf. | ||
| 500 | _a1 ejemplar. Tomo 1 | ||
| 520 | _aObra resumida, de enseñanza y de consulta, que trata todo lo necesario para proyectar, desde las fórmulas y su aplicación, hasta todas las tablas de perfiles, momento y esfuerzos necesarios. | ||
| 650 | _aCALDERAS | ||
| 650 | _aESTRUCTURAS METALICAS | ||
| 650 | _aRESISTENCIA DE MATERIALES | ||
| 650 | _aSOLDADURA | ||
| 650 | _aSOPORTES | ||
| 650 | _aVIGAS | ||
| 650 | _aVOLADIZOS | ||
| 942 | _cLIB | ||
| 999 |
_c984 _d984 |
||